ՀՀ Գիտությունների ազգային ակադեմիայի հիմնարար գիտական գրադարան  =   Fundamental Scientific Library of NAS RA

Xenophon .. / (Record no. 537250)

MARC details
000 -LEADER
fixed length control field 01257nam a2200289 a 4500
003 - CONTROL NUMBER IDENTIFIER
control field AM-YEHGA
005 - DATE AND TIME OF LATEST TRANSACTION
control field 20251008112105.0
008 - FIXED-LENGTH DATA ELEMENTS--GENERAL INFORMATION
fixed length control field 250926s1947 maub||||r|||||00||0|grc|d
040 ## - CATALOGING SOURCE
Original cataloging agency AM-YEHGA
041 0# - LANGUAGE CODE
Language code of text/sound track or separate title grc
-- eng
001 - CONTROL NUMBER
control field 2033185
100 0# - MAIN ENTRY--PERSONAL NAME
Personal name Xenophon
245 10 - TITLE STATEMENT
Title Xenophon .. /
Statement of responsibility, etc. Xenophon ; with an english traslation by Carleton L. Brownson ; with an english traslation by O. J. Todd ; E. C. Marchant.
250 ## - EDITION STATEMENT
Edition statement Reprinted
260 ## - PUBLICATION, DISTRIBUTION, ETC.
Place of publication, distribution, etc. Cambridge, Mass :
-- London,
Name of publisher, distributor, etc. Harvard University Press ;
Place of publication, distribution, etc. W. Heinemann,
Date of publication, distribution, etc. 1947-
300 ## - PHYSICAL DESCRIPTION
Extent volume
440 #0 - SERIES STATEMENT/ADDED ENTRY--TITLE
Title The Loeb classical library
500 ## - GENERAL NOTE
General note Greek and English on opposite pages
500 ## - GENERAL NOTE
General note The translations of the Hellenica and Anabasis are by C.L. Brownson; of the Symposium and Apology by O.J. Todd; of the Memorabilia and Oeconomicus by E.C. Marchant
504 ## - BIBLIOGRAPHY, ETC. NOTE
Bibliography, etc. note Contents: I. Hellenica, I-IV II. Hellenica, VI-VII. Anabasis, I-III III. Anabasis, IV-VII. Symposium and Apology IV. Memorabilia and Oeconomicus
505 00 - FORMATTED CONTENTS NOTE
Miscellaneous information V. IIII (1947, 522 p., map)
Title Anabasis, IV-VII ; Symposium and Apology
650 14 - SUBJECT ADDED ENTRY--TOPICAL TERM
Topical term or geographic name entry element History
9 (RLIN) 4954
700 1# - ADDED ENTRY--PERSONAL NAME
Personal name Brownson, Carleton Lewis,
Relationship trl
700 1# - ADDED ENTRY--PERSONAL NAME
Personal name Todd, Otis Johnson,
Relationship trl
700 1# - ADDED ENTRY--PERSONAL NAME
Personal name Marchant, E. C.,
Relationship trl
942 ## - ADDED ENTRY ELEMENTS (KOHA)
Source of classification or shelving scheme Universal Decimal Classification
Koha item type Գրքեր / Books

No items available.


ՀՀ ԳԱԱ հիմնարար գիտական գրադարան
ՀՀ,Երևան 0019
Մարշալ Բաղրամյան 24/6
հեռախոս:(374-10) 52-47-50
Հետադարձ կապ

All site content, except where otherwise noted, is licensed under a
Creative Commons License